=LDR 00000nam 2200000 4500 =001 INLIS000000000052847 =005 20180307100023 =035 ##$$a 0010-0318000074 =007 ta =008 180307###########################0###### =020 ##$$a 978-602-72846-8-5 =082 ##$$a 510 =084 ##$$a 510 TAO f =100 #$$a Tao, R.H =245 1#$$a Formulasi Matematika Dan Fisika /$c R. Tao, R.H =260 ##$$a Yogyakarta :$b Matematika,$c 2016 =300 ##$$a x, 108 hlm. ; $c 25 cm. =650 ##$$a Matematika =504 ##$$a Bibliografi : hlm. 108 =990 ##$$a 54485448 =990 ##$$a 54485448 =990 ##$$a 54485448 =990 ##$$a 54485448 =990 ##$$a 54485448 =990 ##$$a 21709791 =990 ##$$a 01201805448 =990 ##$$a 01201805449 =990 ##$$a 01201805450 =990 ##$$a 01201805451 =990 ##$$a 21709792 =990 ##$$a 01201805448 =990 ##$$a 01201805449 =990 ##$$a 01201805450 =990 ##$$a 21709791 =990 ##$$a 21709793 =990 ##$$a 01201805448 =990 ##$$a 01201805449 =990 ##$$a 21709792 =990 ##$$a 21709791 =990 ##$$a 21709794 =990 ##$$a 01201805448 =990 ##$$a 21709793 =990 ##$$a 21709792 =990 ##$$a 21709791 =990 ##$$a 21709795 =990 ##$$a 21709794 =990 ##$$a 21709793 =990 ##$$a 21709792 =990 ##$$a 21709791